Central Library OPAC University of Rajshahi

Child development / (Record no. 82398)

MARC details
000 -LEADER
fixed length control field 00824nam a2200289 a 4500
001 - CONTROL NUMBER
control field 82398
003 - CONTROL NUMBER IDENTIFIER
rucl marc code BD-RjUL
005 - DATE AND TIME OF LATEST TRANSACTION
control field 20231204145551.0
008 - FIXED-LENGTH DATA ELEMENTS--GENERAL INFORMATION
fixed length control field 231204s2019 nju 000 0 eng d
020 ## - INTERNATIONAL STANDARD BOOK NUMBER
International Standard Book Number 9789353430818
International Standard Book Number 0130873063
035 ## - SYSTEM CONTROL NUMBER
System control number (BD-RjUL)82398
040 ## - CATALOGING SOURCE
Original cataloging agency BBR
Language of cataloging eng
Transcribing agency BD-RjUL
041 ## - LANGUAGE CODE
Language code of text/sound track or separate title eng
082 ## - DEWEY DECIMAL CLASSIFICATION NUMBER
Edition number 23
Classification number 155.4
Author mark and year FEC 2019
100 1# - MAIN ENTRY--PERSONAL NAME
Personal name Feldman, Robert Stephen
9 (RLIN) 10331
245 10 - TITLE STATEMENT
Title Child development /
Statement of responsibility, etc. S. Robert Feldman
250 ## - EDITION STATEMENT
Edition statement 8th ed.
260 ## - PUBLICATION, DISTRIBUTION, ETC. (IMPRINT)
Place of publication, distribution, etc. Uttar Pradesh :
Name of publisher, distributor, etc. Pearson India Education,
Date of publication, distribution, etc. 2019
300 ## - PHYSICAL DESCRIPTION
Pagination xx, 570 p. :
Illustrations ill. ;
Size 25 cm.
504 ## - BIBLIOGRAPHY, ETC. NOTE
Bibliography, etc Includes bibliographical references and indexes.
650 #4 - SUBJECT ADDED ENTRY--TOPICAL TERM
Topical term or geographic name as entry element Child psychology
Topical term or geographic name as entry element Child development
Topical term or geographic name as entry element Adolescence
9 (RLIN) 10332
Topical term or geographic name as entry element Adolescent psychology
9 (RLIN) 10333
942 ## - ADDED ENTRY ELEMENTS (KOHA)
Source of classification or shelving scheme Dewey Decimal Classification
Koha item type Books
Holdings
Lost status Source of classification or shelving scheme Damaged status Not for loan Collection code Permanent Location Current Location Shelving location Date acquired Source of acquisition Cost, normal purchase price Total Checkouts Full call number Date last seen Copy number Koha item type Date checked out
  Dewey Decimal Classification   Not For Loan Non-fiction Central Library, University of Rajshahi Central Library, University of Rajshahi Reading Room 20/11/2023 Dhaka: Omni Concept 1256.00   155.4 FEC 2019 04/12/2023 C-1 Books  
  Dewey Decimal Classification     Non-fiction Central Library, University of Rajshahi Central Library, University of Rajshahi General Stacks 20/11/2023 Dhaka: Omni Concept 1256.00 1 155.4 FEC 2019 16/07/2025 C-2 Books 01/07/2025